Hip-Hop, Art, and Visual Culture: Connections, Influences, and Critical Discussions (Record no. 20441)
[ view plain ]
| 000 -LEADER | |
|---|---|
| fixed length control field | 00695nam a2200121Ia 4500 |
| 008 - FIXED-LENGTH DATA ELEMENTS--GENERAL INFORMATION | |
| fixed length control field | 220616s9999||||xx |||||||||||||| ||und|| |
| 100 ## - MAIN ENTRY--PERSONAL NAME | |
| Personal name | Munson, Lisa||Broome, Jeff |
| 245 #0 - TITLE STATEMENT | |
| Title | Hip-Hop, Art, and Visual Culture: Connections, Influences, and Critical Discussions |
| 546 ## - LANGUAGE NOTE | |
| Language note | English[eng] |
| 650 ## - SUBJECT ADDED ENTRY--TOPICAL TERM | |
| Topical term or geographic name entry element | n/a||Bourdieu||copyright||porcelain||identity politics||art education||graffiti art||Roberto Lugo||authorship||culturally sustaining pedagogy||creativity||copyleft||Hip Hop||cultural capital||ceramics||hip-hop politics||class systems||technology||hip-hop studies||Rozeal||visual culture||Hip Hop pedagogy||culture||hip-hop |
| 856 ## - ELECTRONIC LOCATION AND ACCESS | |
| Uniform Resource Identifier | <a href="https://mdpi.com/books/pdfview/book/2156">https://mdpi.com/books/pdfview/book/2156</a> |
| 942 ## - ADDED ENTRY ELEMENTS (KOHA) | |
| Koha item type | E-Books |
| Withdrawn status | Lost status | Damaged status | Not for loan | Home library | Current library | Date acquired | Total Checkouts | Date last seen | Price effective from | Koha item type |
|---|---|---|---|---|---|---|---|---|---|---|
| Kerala University of Digital Sciences, Innovation and Technology Knowledge Centre | Kerala University of Digital Sciences, Innovation and Technology Knowledge Centre | 16/06/2022 | 16/06/2022 | 16/06/2022 | E-Books |